[Event "Extraliga CZE 2004-5"]
[Site "Czech Rep CZE"]
[Date "2005.04.17"]
[Round "11"]
[White "Petran,Pe"]
[Black "Berezjuk,S"]
[Result "1/2-1/2"]
[WhiteElo "2332"]
[BlackElo "2383"]

1.Nf3 c5 2.c4 Nf6 3.Nc3 e6 4.g3 b6 5.Bg2 Bb7 6.O-O Be7 7.b3 O-O 8.Bb2 d6
9.d3 a6 10.e4 Nc6 11.d4 cxd4 12.Nxd4 Rc8 13.Nc2 Qc7 14.Ne3 Ne5 15.Qe2 Nfd7
16.Rfd1 Rfe8 17.Rac1 Qb8 18.Ng4  1/2-1/2

[Event "Open"]
[Site "Metz FRA"]
[Date "2005.04.18"]
[Round "3"]
[White "Collas,D"]
[Black "Montheard,X"]
[Result "1-0"]
[WhiteElo "2417"]
[BlackElo "2265"]

1.Nf3 Nf6 2.c4 c5 3.Nc3 b6 4.e4 d6 5.d4 cxd4 6.Nxd4 Bb7 7.f3 e6 8.Be3 Be7
9.Qa4+ Nbd7 10.Nc6 Bxc6 11.Qxc6 O-O 12.Qa4 d5 13.cxd5 exd5 14.exd5 Bc5 15.Bxc5 Nxc5
16.Qd4 Re8+ 17.Be2 Qd6 18.O-O-O Rad8 19.Bb5 Re7 20.g3 a6 21.Bc6 b5 22.Kb1 Ne6
23.Qf2 Nc7 24.Rhe1 h6 25.Ne4 Nxe4 26.Rxe4 Rxe4 27.fxe4 Ne6 28.Re1 Nc5 29.e5 Qg6+
30.Qc2 Qxc2+ 31.Kxc2 Kf8 32.b4 Na4 33.Kd3 Ke7 34.Kd4 Nb6 35.Re2 Rc8 36.Rf2 h5
37.h4 Rg8 38.Rf5 g6 39.d6+ Kf8 40.e6 gxf5 41.e7+ Kg7 42.d7  1-0

[Event "Open"]
[Site "Metz FRA"]
[Date "2005.04.21"]
[Round "6"]
[White "Sulava,N"]
[Black "Collas,S"]
[Result "1-0"]
[WhiteElo "2478"]
[BlackElo "2381"]

1.Nf3 c5 2.c4 Nf6 3.Nc3 g6 4.e4 Nc6 5.d4 cxd4 6.Nxd4 Nxd4 7.Qxd4 d6 8.Be2 Bg7
9.Be3 O-O 10.Qd2 Be6 11.Rc1 Qa5 12.f3 Rfc8 13.b3 a6 14.Na4 Qxd2+ 15.Kxd2 Nd7
16.g4 f5 17.gxf5 gxf5 18.Rhg1 Kh8 19.Bd3 f4 20.Bf2 Bf6 21.Nc3 Rg8 22.Nd5 Rxg1
23.Rxg1 Bxd5 24.exd5 Rg8 25.Rxg8+ Kxg8 26.Bf5 Ne5 27.Ke2 b5 28.cxb5 axb5
29.Bd3 Nxd3 30.Kxd3 Kf7 31.a4 bxa4 32.bxa4 Ke8 33.a5 Kd7 34.Bb6 Kc8 35.a6 Bb2
36.Ke4 Bc1 37.Bd8  1-0

[Event "Open"]
[Site "Metz FRA"]
[Date "2005.04.24"]
[Round "9"]
[White "Sulava,N"]
[Black "Spraggett,K"]
[Result "1/2-1/2"]
[WhiteElo "2478"]
[BlackElo "2585"]

1.Nf3 Nf6 2.c4 c5 3.Nc3 e6 4.g3 b6 5.Bg2 Bb7 6.O-O Be7 7.Re1 d6 8.e4 Nbd7
9.d4 cxd4 10.Nxd4 Qc7 11.b3 O-O 12.Bb2 a6 13.Rc1 Rfe8 14.Nd5 exd5 15.cxd5 Qb8
16.Nc6 Bxc6 17.dxc6 Nc5 18.c7 Qa7 19.e5 dxe5 20.Bxa8 Qxa8 21.Bxe5 Ne6 22.Bxf6 Bxf6
23.Qd6 Rc8 24.Qc6 Qxc6 25.Rxc6 Kf8 26.Rxb6 Rxc7 27.Rxa6 Rc2 28.Kf1 g5 29.Re2 Rc1+
30.Kg2 h5 31.Rd2 Kg7 32.Rad6 Be7 33.Rd1 Rc2 34.R6d2 Rc6 35.Rd7 Kf6 36.a4 Rb6
37.R1d3 g4 38.a5 Rc6 39.R3d5 Rc2 40.Rd2 Rc1 41.Rd1 Rc6 42.R7d5 Kg6 43.Rb5 Rc2
44.b4 Ra2 45.Rb6 Ra4 46.a6 h4 47.gxh4 Bxh4 48.b5 Ra2 49.Rf1 Kg7 50.Kh1 Nf4
51.Rg1 Bxf2 52.Rxg4+ Kh7 53.Rxf4 Bxb6 54.Rxf7+ Kg6 55.Rb7 Bd4 56.a7 Kf5 57.b6 Kg4
58.Rg7+ Kf3 59.Rf7+ Kg4 60.Rg7+ Kf3 61.Rf7+ Kg4  1/2-1/2

[Event "GM"]
[Site "Ostrava CZE"]
[Date "2005.05.04"]
[Round "5"]
[White "Vokac,M"]
[Black "Talla,V"]
[Result "1/2-1/2"]
[WhiteElo "2454"]
[BlackElo "2409"]

1.Nf3 Nf6 2.c4 c5 3.Nc3 b6 4.e4 d6 5.g3 e6 6.Bg2 Bb7 7.d3 Be7 8.O-O a6 9.Re1 O-O
10.b3 Nbd7 11.Bb2 Qc7 12.Nd2  1/2-1/2

[Event "SME Open"]
[Site "Ostrava CZE"]
[Date "2005.05.05"]
[Round "6"]
[White "Caletka,R"]
[Black "Marendic,V"]
[Result "1-0"]
[WhiteElo "2183"]
[BlackElo "2095"]

1.Nf3 c5 2.c4 Nf6 3.Nc3 b6 4.g3 Bb7 5.Bg2 e6 6.O-O Be7 7.Re1 O-O 8.e4 d6
9.d4 cxd4 10.Nxd4 a6 11.Be3 Nbd7 12.Rc1 Nc5 13.f3 Rc8 14.Bf2 Re8 15.b3 Bf8
16.Rc2 g6 17.Bf1 Rc7 18.b4 Ncd7 19.Nb3 Rc8 20.a3 Qc7 21.f4 Red8 22.g4 d5
23.e5 dxc4 24.Nd4 Nd5 25.Nxd5 Bxd5 26.Rc3 Bg7 27.g5 Nb8 28.Qg4 Nc6 29.Nxc6 Qxc6
30.Qh4 b5 31.Rh3 Be4 32.Qxh7+ Kf8 33.Bc5+ Qxc5+ 34.bxc5 Bf5 35.Rc3 Rxc5 36.Qh4 Kg8
37.Bh3 Bd3 38.Qg3 Bf8 39.Bf1 Rcd5 40.Bxd3 cxd3 41.Rd1 d2 42.Kf1 b4 43.axb4 Bxb4
44.Rb3 a5 45.h4 Kg7 46.Ke2 Rd4 47.Qf3 Rc4 48.Rxb4 axb4 49.Rxd2 Rb8 50.Rb2 Rd8
51.Rd2 Rdc8 52.h5 gxh5 53.f5 exf5 54.Qxf5 b3 55.Qf6+ Kg8 56.g6 fxg6 57.Qxg6+  1-0

[Event "23rd Liechtenstein Open"]
[Site "Triesen LIE"]
[Date "2005.05.05"]
[Round "7"]
[White "Hohler,P"]
[Black "Goris,T"]
[Result "1/2-1/2"]
[WhiteElo "2238"]
[BlackElo "2092"]

1.c4 Nf6 2.Nc3 e6 3.Nf3 c5 4.e3 Nc6 5.d4 cxd4 6.exd4 d5 7.a3 Ne4 8.Be3 Nxc3
9.bxc3 Be7 10.Bd3 h6 11.O-O O-O 12.Qe2 b6 13.cxd5 exd5 14.Bc2 Be6 15.Rfe1 Qd7
16.Qd3 f5 17.Bf4 Bf6 18.a4 Na5 19.Be5 Nc4 20.Bxf6 Rxf6 21.Bb3 Qc6 22.Ne5 Nxe5
23.dxe5 Rg6 24.Rad1 Rd8 25.Qf3 Rg4  1/2-1/2

[Event "Open A"]
[Site "Djakovo CRO"]
[Date "2005.05.07"]
[Round "9"]
[White "Teofilovic,V"]
[Black "Drazic,S"]
[Result "0-1"]
[WhiteElo "2285"]
[BlackElo "2495"]

1.Nf3 c5 2.c4 Nf6 3.Nc3 b6 4.g3 Bb7 5.Bg2 g6 6.O-O Bg7 7.d4 cxd4 8.Qxd4 Nc6
9.Qf4 Rc8 10.b3 O-O 11.Bb2 d5 12.Rad1 e6 13.Ba3 Re8 14.Nb5 Ne4 15.cxd5 exd5
16.Nd6 Nxd6 17.Rxd5 Nd4 18.Rxd4 Bxd4 19.Bxd6 Re4 20.Qh6 Qxd6 21.Ng5 Qe7 22.Qxh7+ Kf8
23.Bxe4 Bxe4 24.Qh4 Re8 25.e3 Bg7 26.Qxe4 Qxg5 27.Qb7 Qe7 28.Qa6 Rd8 29.Rc1 Bf6
30.h4 Kg7 31.Qe2 Rd5  0-1

[Event "ch-FRA National 1"]
[Site "Lille FRA"]
[Date "2005.05.08"]
[Round "11"]
[White "Pucher,O"]
[Black "Picard,C"]
[Result "1-0"]
[WhiteElo "2284"]
[BlackElo "2158"]

1.Nf3 Nf6 2.c4 c5 3.Nc3 g6 4.d4 cxd4 5.Nxd4 Bg7 6.g3 Nc6 7.Nc2 O-O 8.Bg2 d6
9.O-O Be6 10.b3 Qd7 11.Re1 Bh3 12.e4 Bxg2 13.Kxg2 a6 14.Rb1 Rab8 15.a4 h5
16.Bg5 Nh7 17.Bd2 f5 18.Nd5 fxe4 19.Rxe4 b5 20.axb5 axb5 21.Qe2 bxc4 22.Qxc4 e6
23.Qxc6 Qa7 24.Be3 Qf7 25.Rf4 Nf6 26.Nxf6+ Bxf6 27.Qxd6 Rbd8 28.Qb6 g5 29.Rb4 e5  1-0

[Event "Torch Real Estate Cup"]
[Site "Wuxi CHN"]
[Date "2005.05.09"]
[Round "8"]
[White "Sun Yinan"]
[Black "Yang Ning"]
[Result "1/2-1/2"]
[WhiteElo "2171"]
[BlackElo "2164"]

1.Nf3 Nf6 2.c4 c5 3.Nc3 d5 4.cxd5 Nxd5 5.e4 Nb4 6.Bb5+ Bd7 7.a3 N4c6 8.d4 cxd4
9.Nxd4 g6 10.O-O Bg7 11.Be3 O-O 12.Rc1 Nxd4 13.Bxd4 Bxb5 14.Bxg7 Kxg7 15.Nxb5 Nc6
16.Qb3 Qb6 17.Rfd1 Rad8 18.h3 h5 19.Rd5 e6 20.Rdc5 a6 21.Nd4 Qxb3 22.Nxb3 Rfe8
23.f3 Re7 24.R5c3 Nd4 25.Nxd4 Rxd4  1/2-1/2

[Event "Torch Real Estate Cup"]
[Site "Wuxi CHN"]
[Date "2005.05.13"]
[Round "12"]
[White "Li Wenliang"]
[Black "Zhao Jun"]
[Result "0-1"]
[WhiteElo "2422"]
[BlackElo "2521"]

1.Nf3 Nf6 2.c4 c5 3.Nc3 b6 4.g3 Bb7 5.Bg2 g6 6.O-O Bg7 7.d4 Ne4 8.Nxe4 Bxe4
9.d5 O-O 10.Bh3 Bxf3 11.exf3 e6 12.f4 a6 13.Bg2 Ra7 14.Qc2 exd5 15.cxd5 d6
16.f5 Nd7 17.a4 Re8 18.fxg6 hxg6 19.Ra3 Bd4 20.Kh1 Kg7 21.Bd2 Rh8 22.Kg1 Ra8
23.h4 Rg8 24.Bg5 Bf6 25.Bf4 Ne5 26.Rfa1 Qd7 27.Bf1 Qb7 28.Qd1 Rh8 29.Rb3 Rh7
30.Qe2 Qxd5 31.Raa3 Rb8 32.Bxe5 dxe5 33.Qxa6 e4 34.Qc4 Qf5 35.Qe2 Rhh8 36.Bg2 Rhe8
37.Re3 Bd4 38.Rxe4 Rxe4 39.Bxe4 Re8 40.Bxf5 Rxe2 41.Bd3 Rxf2 42.Kh1 Rxb2
43.Bb5 f5 44.Rf3 Kh6 45.Be8 Re2 46.Bf7 Kg7 47.Bd5 Re5 48.Bc4 Re1+ 49.Kg2 Rg1+
50.Kh3 Rc1 51.Bd5 Kf6 52.Rb3 Ke5 53.Bf7 Rc2 54.Bxg6 Bg1 55.g4 Kf4  0-1

[Event "ch-UKR sf"]
[Site "Alushta UKR"]
[Date "2005.05.16"]
[Round "1"]
[White "Matjushin,G"]
[Black "Grinev,V"]
[Result "1/2-1/2"]
[WhiteElo "2416"]
[BlackElo "2222"]

1.c4 Nf6 2.Nf3 c5 3.Nc3 e6 4.g3 b6 5.Bg2 Bb7 6.O-O Be7 7.d4 cxd4 8.Qxd4 d6
9.Bg5 a6 10.Bxf6 Bxf6 11.Qf4 O-O 12.Rad1 Be7 13.Ne4 Bxe4 14.Qxe4 Ra7 15.Nd4 Qc8
16.b3 Qc5 17.a4 Rc7 18.Rd2 Rd8 19.Rfd1 Bf6 20.e3 g6 21.Bh3 Bxd4 22.exd4 Qb4
23.Qh4 Re8 24.Rd3 d5 25.Re3 dxc4 26.d5 Qd6 27.bxc4 e5 28.Rb1 a5 29.Reb3 Rb7
30.c5 Qxc5 31.Qf6 Qxd5 32.Rxb6 Rxb6 33.Qxb6 Nc6 34.Bg2 e4 35.Qb5 Qe6 36.Rd1  1/2-1/2

[Event "HB Global CC"]
[Site "Minneapolis USA"]
[Date "2005.05.18"]
[Round "1"]
[White "Christiansen,L"]
[Black "Lee,A"]
[Result "1-0"]
[WhiteElo "2524"]
[BlackElo "2215"]

1.c4 Nf6 2.Nc3 c5 3.Nf3 g6 4.d4 cxd4 5.Nxd4 Nc6 6.e4 d6 7.Be2 Nxd4 8.Qxd4 Bg7
9.Bg5 O-O 10.Qd2 Be6 11.f3 Qa5 12.Rc1 Rfe8 13.O-O Rac8 14.b3 a6 15.Kh1 Nd7
16.Bh6 Bxh6 17.Qxh6 b5 18.f4 bxc4 19.b4 Qxb4 20.f5 Qa5 21.fxe6 fxe6 22.Bg4 Qe5
23.Qf4 Nf8 24.Qxe5 dxe5 25.Na4 Rc6 26.Be2 Rd8 27.Rxc4 Rxc4 28.Bxc4 Rd4 29.Bb3 Rxe4
30.Nc5 Rf4 31.Kg1 a5 32.Re1  1-0

[Event "ch-LAT"]
[Site "Riga LAT"]
[Date "2005.05.21"]
[Round "13"]
[White "Krivonosov,O"]
[Black "Kalnins,K"]
[Result "1-0"]
[WhiteElo "2454"]
[BlackElo "2205"]

1.Nf3 Nf6 2.c4 c5 3.Nc3 d5 4.cxd5 Nxd5 5.d4 Nxc3 6.bxc3 cxd4 7.cxd4 e6 8.g3 Bb4+
9.Bd2 Bxd2+ 10.Qxd2 b6 11.Bg2 Bb7 12.O-O Nd7 13.Qb4 Qe7 14.Qa4 O-O 15.Rfc1 Nf6
16.Ne5 Bxg2 17.Kxg2 Rac8 18.Qa6 Qd8 19.a4 Rc7 20.Rxc7 Qxc7 21.a5 Rb8 22.axb6 axb6
23.Qa7 Qxa7 24.Rxa7 Nd5 25.e4 Nb4 26.Ra4 Nc2 27.Nc6 Re8 28.Kf1 f5 29.Ra2  1-0

[Event "ch-UKR sf"]
[Site "Alushta UKR"]
[Date "2005.05.24"]
[Round "9"]
[White "Nesteretz,A"]
[Black "Kononenko,Dmitry1"]
[Result "1-0"]
[WhiteElo "2296"]
[BlackElo "2437"]

1.Nf3 Nf6 2.c4 c5 3.Nc3 b6 4.e4 Bb7 5.e5 Ng8 6.d4 cxd4 7.Nxd4 Nc6 8.Bf4 g6
9.Nf3 Bg7 10.Bd3 f6 11.Qe2 fxe5 12.Nxe5 Nd4 13.Bxg6+ Kf8 14.Qd3 hxg6 15.Nxg6+ Kf7
16.Ne5+ Ke6 17.Qg6+ Bf6 18.Nf7 d6 19.Nxd8+ Rxd8 20.O-O-O Kd7 21.Bg5 Ne6 22.Bxf6 Nxf6
23.Nd5 Rdf8 24.Rhe1 Bxd5 25.cxd5 Nc7 26.Qf5+ Kd8 27.h3 Rhg8 28.g3 Ng4 29.hxg4 Rxf5
30.gxf5 Rg5 31.Rd2 Rxf5 32.Red1 Ne8 33.f4 Nf6 34.Rd4 Rh5 35.Rg1 Ng4 36.Kc2 Ne3+
37.Kc1 Ng4 38.f5 Ne3 39.g4 Rg5 40.Re1 Rxg4 41.Rxg4 Nxg4 42.Re4 Nf6 43.Rd4 b5
44.a4 bxa4 45.Rxa4 Nxd5 46.Kd2 e6 47.fxe6 Nc7 48.Rxa7 Nxe6 49.Kc3 Nc7 50.Kc4 Kc8
51.Ra5 Kb7 52.Rh5 Kc6 53.Rh6 Nd5 54.b3 Ne3+ 55.Kb4 Nf5 56.Rh5 Nd4 57.Ka4 Ne2
58.b4 Kb6 59.Rb5+ Ka6 60.Rb8 Nc3+ 61.Kb3 Nd5 62.Rh8 Nb6 63.Rh6 Nc8 64.Rh5 Nb6
65.Ra5+ Kb7 66.b5 Nd5 67.Kc4 Nc7 68.Ra1 Kb6 69.Rb1 d5+ 70.Kb4 d4 71.Kc4 Ne8
72.Kxd4 Nd6 73.Kd5 Nf5 74.Kc4 Ne3+ 75.Kd3 Nf5 76.Ke4 Ng3+ 77.Kd5 Nf5 78.Rb3 Ne7+
79.Kc4 Nc8 80.Kb4 Nd6 81.Rg3 Nb7 82.Rg6+ Kc7 83.Kc4 Nd6+ 84.Kc5 Nb7+ 85.Kd5 Na5
86.Ra6 Nb7 87.b6+ Kb8 88.Ra7 Nd8 89.Rh7 Kc8 90.Kd6 Nb7+ 91.Kc6 Nd8+ 92.Kb5 Kb8
93.Ka6  1-0

[Event "VII Open"]
[Site "Salou ESP"]
[Date "2005.05.24"]
[Round "5"]
[White "Shchekachev,A"]
[Black "Pogorelov,R"]
[Result "1/2-1/2"]
[WhiteElo "2526"]
[BlackElo "2448"]

1.Nf3 Nf6 2.c4 e6 3.Nc3 c5 4.g3 b6 5.Bg2 Bb7 6.O-O Be7 7.Re1 d6 8.e4 Nbd7
9.d4 cxd4 10.Nxd4 Qc7 11.Nd5 exd5 12.exd5 Ne5 13.Nf5 O-O 14.Nxe7+ Qxe7 15.f4 Nfd7
16.b3 Rae8 17.fxe5 Nxe5 18.Bf4 f6 19.a4 Bc8 20.a5 Qc7 21.axb6 axb6 22.Qd4  1/2-1/2

[Event "TCh-BIH Prem"]
[Site "Neum BIH"]
[Date "2005.06.07"]
[Round "4"]
[White "Stojanovic,Mih"]
[Black "Bilobrk,F"]
[Result "1-0"]
[WhiteElo "2519"]
[BlackElo "2403"]

1.Nf3 c5 2.c4 Nf6 3.Nc3 e6 4.e4 Nc6 5.Be2 b6 6.O-O Bb7 7.d4 cxd4 8.Nxd4 Nxd4
9.Qxd4 Bc5 10.Qd3 O-O 11.e5 Ne8 12.Ne4 Bxe4 13.Qxe4 f5 14.Qd3 d6 15.Bf4 dxe5
16.Bxe5 Qxd3 17.Bxd3 Nf6 18.Rad1 Rad8 19.Bc2 Ne4 20.Rxd8 Rxd8 21.Bxe4 fxe4
22.Bf4 Rd3 23.h3 Bd4 24.Bc1 e3 25.fxe3 Bxe3+ 26.Bxe3 Rxe3 27.Kf2 Re4 28.Rc1 Re5
29.Rd1 Ra5 30.a3 Kf7 31.Rd7+ Kf6 32.Ke3 h5 33.g3 Rg5 34.Kf3 b5 35.cxb5 Rxb5
36.b4 a5 37.Rd4 g5 38.Ke3 axb4 39.axb4 Ke5 40.Kd3 Rb8 41.Re4+ Kd6 42.Rd4+ Ke5
43.Rc4 Rb5 44.Kc3 Kd6 45.Rd4+ Kc6 46.Re4 Kd5 47.Rd4+ Kc6 48.Rc4+ Kd6 49.Rc8 Rf5
50.Kc4 Rf3 51.Rd8+ Kc6 52.Rd3 Rf1 53.Re3 Rc1+ 54.Kd4 Kd6 55.Rd3 Rh1 56.Ke4+ Kc6
57.g4 hxg4 58.hxg4 Rg1 59.Kf3 Rh1 60.Rc3+ Kd6 61.Rc4 Rh3+ 62.Ke4 Rg3 63.Rd4+ Ke7
64.Ke5 Re3+ 65.Re4 Rb3 66.Rc4 Rb1 67.Rc7+ Ke8 68.Rb7 Rg1 69.Kxe6 Kd8 70.Kd6 Kc8
71.Rc7+ Kb8 72.Rc4 Re1 73.Rc5 Re4 74.Rxg5 Rxb4 75.Rg8+ Kb7 76.Ke6 Kc7 77.g5 Rb1
78.Re8 Rg1 79.Kf6 Kd7 80.Re2 Rf1+ 81.Kg7 Rg1 82.g6 Rf1 83.Kh7 Rh1+ 84.Kg8 Rf1
85.g7 Rh1 86.Re4 Rf1 87.Rh4 Ke7 88.Kh8  1-0

[Event "TCh-BIH Prem"]
[Site "Neum BIH"]
[Date "2005.06.09"]
[Round "6"]
[White "Ruck,R"]
[Black "Perunovic,Mil"]
[Result "1/2-1/2"]
[WhiteElo "2551"]
[BlackElo "2549"]

1.Nf3 Nf6 2.c4 c5 3.Nc3 e6 4.g3 b6 5.Bg2 Bb7 6.O-O a6 7.Re1 d6 8.e4 Nbd7
9.d4 cxd4 10.Nxd4 Qc7 11.Be3 Be7 12.f4 O-O 13.Bf2 Rac8 14.Rc1 Rfe8 15.e5 Bxg2
16.exf6 Ba8 17.fxe7 Qb7 18.Qf3 Qxf3 19.Nxf3 Bxf3 20.Re3 Bb7 21.Rd1 Rxe7 22.Rxd6 Rxc4
23.Red3 Nf6 24.Rd8+ Re8 25.Rxe8+ Nxe8 26.Rd8 Kf8 27.Rb8 Bc6 28.Rxb6 Nc7 29.Rb4  1/2-1/2

[Event "National Open"]
[Site "Las Vegas USA"]
[Date "2005.06.12"]
[Round "6"]
[White "Pader,D"]
[Black "Haessel,D"]
[Result "0-1"]
[WhiteElo "2234"]
[BlackElo "2225"]

1.c4 c5 2.Nf3 Nf6 3.Nc3 b6 4.d4 cxd4 5.Nxd4 Bb7 6.f3 d6 7.e4 e6 8.Be3 Be7
9.Be2 O-O 10.O-O a6 11.Qd2 Nbd7 12.Rfd1 Qc7 13.Rac1 Rac8 14.b4 Qb8 15.Na4 Rfd8
16.Bf1 Ba8 17.Kh1 Bf8 18.a3 Ne5 19.Qa2 Nfd7 20.Bg5 Re8 21.Nc3 Rc7 22.f4 Nc6
23.Nf3 a5 24.Qb3 axb4 25.axb4 Nf6 26.Bxf6 gxf6 27.Nb5 Rcc8 28.Qb2 Red8 29.Qxf6 Bg7
30.Qg5 Nxb4 31.f5 h6 32.Qg3 exf5 33.exf5 Kh7 34.Qe1 Bxf3 35.gxf3 Nc6 36.f6 Bxf6
37.Bd3+ Kg8 38.Qe4 Ne5 39.Qh7+ Kf8 40.Bf5 Qb7 41.Qxh6+ Bg7 42.Qf4 Rxc4 43.Rxc4 Nxc4
44.Be4 Qe7 45.Rg1 d5 46.Bxd5 Rxd5 47.Qxc4 Rc5 48.Qf4 Qe5 49.Qxe5 Bxe5 50.Na7 Bb8
51.Rd1 Bxa7  0-1

[Event "III Open"]
[Site "Bajada de la Virgen ESP"]
[Date "2005.06.14"]
[Round "2"]
[White "Agrest,E"]
[Black "Kohlweyer,B"]
[Result "1-0"]
[WhiteElo "2579"]
[BlackElo "2429"]

1.Nf3 c5 2.c4 Nf6 3.Nc3 b6 4.d4 cxd4 5.Nxd4 Bb7 6.f3 d6 7.e4 e6 8.Be2 a6
9.Be3 Be7 10.O-O O-O 11.Kh1 Nbd7 12.a4 Re8 13.a5 d5 14.cxd5 exd5 15.exd5 bxa5
16.Nf5 Bf8 17.Qd2 Rc8 18.Bd4 h6 19.Rad1 Ne5 20.Bf2 Qd7 21.Ne3 Bc5 22.Bg1 Bb4
23.Nc2 Bxc3 24.bxc3 Qxd5 25.Bd4 Qd6 26.Ne3 Nc6 27.Nf5 Qe6 28.Bd3 Nxd4 29.cxd4 Qd7
30.Rb1 Bd5 31.Qf4 Rc6 32.Qg3 g6 33.Nxh6+ Kh7 34.Qh4 Kg7 35.Qg5 Be6 36.Be4 Rc7
37.d5 Nxd5 38.Rbd1 Qe7 39.Nxf7 Bxf7 40.Rxd5 Qxg5 41.Rxg5 a4 42.Ra5 Rec8 43.Rxa4 Rc1
44.Kg1 R8c3 45.Rxc1 Rxc1+ 46.Kf2 Bc4 47.h4 Kf6 48.Kg3 Bb5 49.Ra2 Rd1 50.Kf4 Rd6
51.g4 Rd7 52.Rc2 Ra7 53.Rc8 Rf7 54.Rb8  1-0

[Event "III Open"]
[Site "Bajada de la Virgen ESP"]
[Date "2005.06.16"]
[Round "6"]
[White "Fridman,D2"]
[Black "Krivoshey,S"]
[Result "1/2-1/2"]
[WhiteElo "2562"]
[BlackElo "2493"]

1.c4 Nf6 2.Nc3 c5 3.Nf3 g6 4.d4 cxd4 5.Nxd4 Nc6 6.Nc2 Bg7 7.e4 O-O 8.Be2 d6
9.Be3 Nd7 10.Nd4 Nc5 11.O-O Bd7 12.Rc1 Nxd4 13.Bxd4 Bh6  1/2-1/2

[Event "Zepter"]
[Site "Valjevo SCG"]
[Date "2005.06.17"]
[Round "6"]
[White "Vojinovic,G"]
[Black "Kostic,Vl"]
[Result "0-1"]
[WhiteElo "2475"]
[BlackElo "2439"]

1.Nf3 c5 2.c4 Nf6 3.Nc3 d5 4.cxd5 Nxd5 5.g3 Nc6 6.Bg2 Nc7 7.O-O e5 8.d3 Be7
9.Be3 Bd7 10.Rc1 O-O 11.Nd2 Re8 12.Nc4 Bf8 13.Ne4 b6 14.a3 Be7 15.Bd2 Bg4
16.h3 Be6 17.Kh2 Qd7 18.f4 exf4 19.gxf4 Nb5 20.Ng3 Rad8 21.f5 Bxc4 22.Rxc4 Bf6
23.Re4 Rxe4 24.Nxe4 Bxb2 25.f6 Be5+ 26.Kh1 g6 27.Nf2 Nc3 28.Qe1 Nd5 29.Ng4 Bd4
30.e4 Nc7 31.Qh4 Ne6 32.Bh6 Ne5 33.Bg7 Nxg4 34.hxg4 Qa4 35.Rf3 Qd1+ 36.Kh2 Qg1+
37.Kh3 Be5  0-1

[Event "Friendship IM"]
[Site "Cartak CZE"]
[Date "2005.06.19"]
[Round "3"]
[White "Kanovsky,D"]
[Black "Jurek,J"]
[Result "0-1"]
[WhiteElo "2338"]
[BlackElo "2374"]

1.Nf3 Nf6 2.c4 c5 3.Nc3 e6 4.d4 cxd4 5.Nxd4 Bb4 6.Nb5 d5 7.a3 Bxc3+ 8.Nxc3 d4
9.Nb5 Nc6 10.e3 e5 11.exd4 exd4 12.Bf4 O-O 13.Nd6 Bg4 14.f3 Nh5 15.Qd2 Bxf3
16.c5 Qh4+ 17.g3 Qe7+ 18.Kf2 Bxh1 19.Bc4 Nxf4 20.Qxf4 Qe3+ 21.Qxe3 dxe3+
22.Kxe3 Bg2 23.Rg1 Bh3 24.g4 Ne5 25.Be2 h5 26.gxh5 Be6 27.Kf4 f6 28.b4 b6
29.Rc1 bxc5 30.bxc5 Rfd8 31.Ba6 Rab8  0-1

[Event "White Nights"]
[Site "St Petersburg RUS"]
[Date "2005.06.20"]
[Round "3"]
[White "Shimanov,A"]
[Black "Kosarev,D"]
[Result "1-0"]
[WhiteElo "2259"]
[BlackElo "2145"]

1.Nf3 Nf6 2.c4 c5 3.Nc3 b6 4.g3 Bb7 5.Bg2 g6 6.O-O Bg7 7.Re1 d6 8.e4 Nbd7
9.d4 cxd4 10.Nxd4 Rc8 11.b3 Ba8 12.Bb2 O-O 13.Qd2 Re8 14.Rac1 a6 15.Nd5 e6
16.Nc3 Qc7 17.Ba3 Qb8 18.h3 Nc5 19.Rcd1 Red8 20.Qe2 Re8 21.Qf1 Red8 22.Rd2 Bb7
23.Kh2 Qa8 24.Qh1 h5 25.Rdd1 Qb8 26.f4 h4 27.g4 g5 28.Bf3 Nh7 29.Bc1 gxf4
30.g5 Nf8 31.g6 fxg6 32.Qg2 b5 33.cxb5 Ncd7 34.Nce2 axb5 35.Nxf4 e5 36.Nxg6 exd4
37.Ne7+ Kh8 38.Bh6 d5+ 39.e5 Bxe5+ 40.Kh1 Bg3 41.Qd2 Qd6 42.Qg5  1-0

[Event "Marx Gyorgy Open"]
[Site "Paks HUN"]
[Date "2005.06.21"]
[Round "8"]
[White "Paschall,W"]
[Black "Molnar,Be"]
[Result "1-0"]
[WhiteElo "2400"]
[BlackElo "2360"]

1.Nf3 Nf6 2.c4 c5 3.Nc3 b6 4.e4 d6 5.d4 cxd4 6.Nxd4 Bb7 7.Bd3 g6 8.O-O Bg7
9.Bg5 Nbd7 10.Qd2 h6 11.Bh4 Ng4 12.Be2 h5 13.Nd5 Ndf6 14.f3 Bh6 15.Bg5 Bxg5
16.Qxg5 Nh7 17.Qd2 Ngf6 18.Rad1 a6 19.Kh1 h4 20.Rfe1 e5 21.Nc2 Bxd5 22.exd5 Nh5
23.Bd3 Kf8 24.Ne3 f5 25.b4 a5 26.c5 axb4 27.cxd6 Ng3+ 28.Kg1 b5 29.hxg3 hxg3
30.Nxf5 gxf5 31.Qh6+ Kf7 32.Bxf5 Qb6+ 33.Re3 Nf8 34.Be6+ Ke8 35.d7+ Kd8 36.Qg5+ Kc7
37.d6+ Kb7 38.Bd5+ Ka7 39.Bxa8 Ne6 40.Qxe5  1-0

[Event "Torch Real Estate Cup"]
[Site "Xiapu CHN"]
[Date "2005.06.21"]
[Round "14"]
[White "Ju Wenjun"]
[Black "Yang Ning"]
[Result "0-1"]
[WhiteElo "2281"]
[BlackElo "2164"]

1.c4 c5 2.Nf3 Nf6 3.Nc3 d5 4.cxd5 Nxd5 5.Nxd5 Qxd5 6.g3 e5 7.d3 Be7 8.Bg2 Nc6
9.O-O O-O 10.Be3 Qe6 11.Nd2 Bd7 12.Qb3 Rac8 13.Bd5 Qd6 14.Ne4 Qc7 15.Nc3 Bh3
16.Rfc1 b6 17.a3 Nd4 18.Qd1 Qd8 19.Rab1 Nf5 20.Bd2 Bg5 21.Bh1 Bxd2 22.Qxd2 h6
23.b4 cxb4 24.axb4 Qd7 25.Qa2 Nd4 26.Bg2 Be6 27.Qb2 Rc7 28.Nd1 Rfc8 29.Rxc7 Rxc7
30.Ne3 Qb5 31.f4 Rd7 32.Kh1 exf4 33.gxf4 Qh5 34.Re1 Nf5 35.Nxf5 Qxf5 36.Rf1 Qb5
37.Qc3 Bd5 38.e4 Bb7 39.Rd1 Qh5 40.Rg1 f5 41.Re1 Qg4 42.Rf1 Kh7 43.Qc4 fxe4
44.Bxe4+ Bxe4+ 45.Qxe4+ Qg6 46.f5 Qf6 47.b5 Rd4 48.Qb7 Rxd3 49.Qxa7 Rd2 50.Qa3 Qe5
51.Qg3 Qxb5 52.Qg6+ Kh8 53.Re1 Qd5+ 54.Kg1 Qd4+ 55.Kh1 Rxh2+ 56.Kxh2 Qh4+
57.Kg2 Qxe1 58.Qxb6 Qe4+ 59.Kg1 Qxf5 60.Qb8+ Kh7 61.Kg2 h5 62.Kg3 Qg4+ 63.Kh2 h4
64.Qc7 Kh6 65.Qd6+ Kh5 66.Qe5+ Qg5 67.Qe2+ Kh6 68.Qe4 g6 69.Qe6 Qf4+ 70.Kh1 Kh5
71.Qd7 Qf3+ 72.Kh2 Qe2+ 73.Kh1 g5 74.Qh7+ Kg4 75.Qd7+ Kg3 76.Qc7+ Kf2 77.Qc5+ Qe3
78.Qc2+ Kg3 79.Qg2+ Kf4 80.Qf2+ Qf3+  0-1

[Event "Suduroy"]
[Site "Tvoroyri FAI"]
[Date "2005.06.22"]
[Round "5"]
[White "Vovk,Ok"]
[Black "Nilssen,J"]
[Result "1/2-1/2"]
[WhiteElo "2122"]
[BlackElo "2372"]

1.Nf3 Nf6 2.c4 c5 3.Nc3 e6 4.e4 d6 5.g3 a6 6.d3 Nc6 7.Bg2 Rb8 8.a4 Be7 9.O-O O-O
10.h3 Ne8 11.Be3 Nc7 12.d4 cxd4 13.Nxd4 Bf6 14.Rb1 Na8 15.Qd2 Qc7 16.b3 Nb6
17.Nxc6 bxc6 18.c5 dxc5 19.Bxc5 Rd8 20.Qe3 Nd7 21.Ba3 Ne5 22.Ne2 a5 23.f4 Rd3
24.Qc5 Nd7 25.Qc2 Qb6+ 26.Kh1 Rxb3 27.Rxb3 Qxb3 28.Qxb3 Rxb3 29.Bd6 Ba6 30.Re1 e5
31.Bc7 Re3 32.Rd1 Nc5 33.Rb1 Rb3 34.Rxb3 Nxb3 35.fxe5 Be7 36.Nf4 Bc4 37.Bd6 Kf8
38.Nh5 Nc5 39.Bc7 Nb7 40.Bf3 Bb4 41.Bd1 Bd3 42.Kg2 Bxe4+ 43.Kf2 Bd5 44.Ke3 Nc5
45.Bd6+ Kg8 46.Nf4 Ba2 47.Kd4 Na6 48.Be2 c5+ 49.Ke3 g5 50.Bxa6  1/2-1/2

[Event "Torch Real Estate Cup"]
[Site "Xiapu CHN"]
[Date "2005.06.22"]
[Round "15"]
[White "Xu Hanbing"]
[Black "Yuan Jun"]
[Result "1-0"]
[WhiteElo "2290"]
[BlackElo "2306"]

1.Nf3 c5 2.c4 Nf6 3.Nc3 b6 4.g3 Bb7 5.Bg2 g6 6.O-O Bg7 7.d4 cxd4 8.Qxd4 d6
9.Qh4 h6 10.Rd1 Nbd7 11.Be3 a6 12.Rac1 g5 13.Qd4 O-O 14.Qd2 Rc8 15.b3 Re8
16.h4 g4 17.Nd4 Bxg2 18.Kxg2 Kh7 19.Nf5 Ng8 20.Nd5 Rb8 21.Nxg7 Kxg7 22.Qd4+ Ngf6
23.Nxf6 Nxf6 24.Bg5 hxg5 25.hxg5 Qd7 26.gxf6+ exf6 27.e3 Qf5 28.Qf4 Qg6 29.Rd4 Re5
30.Rh1 f5 31.Rhd1 Rd8 32.Rxd6  1-0

[Event "6th EICC"]
[Site "Warsaw POL"]
[Date "2005.06.25"]
[Round "7"]
[White "Khismatullin,D"]
[Black "Romanov,E"]
[Result "0-1"]
[WhiteElo "2572"]
[BlackElo "2437"]

1.c4 Nf6 2.Nc3 e6 3.Nf3 c5 4.d4 cxd4 5.Nxd4 Nc6 6.a3 Be7 7.e4 O-O 8.Nf3 Qc7
9.Bg5 b6 10.h3 Bb7 11.Rc1 Ne5 12.Nd2 Ng6 13.Be2 h6 14.Be3 Bc5 15.Bxc5 bxc5
16.O-O Rad8 17.Qc2 Nh7 18.Rfe1 Ng5 19.b4 f5 20.exf5 Nh4 21.Bf1 Qf4 22.Nce4 Rxf5
23.f3 Rdf8 24.Kh1 Nxe4 25.Nxe4 cxb4 26.axb4 Qc7 27.Qd1 Rxf3 28.Qd6 Qxd6 29.Nxd6 Rxf1+
30.Rxf1 Bxg2+ 31.Kg1 Bxf1 32.Rxf1 Rxf1+ 33.Kxf1 Nf5 34.Ne4 Ne3+  0-1

[Event "6th Kurass Memorial"]
[Site "Kiev UKR"]
[Date "2005.06.27"]
[Round "7"]
[White "Karnaukh,A"]
[Black "Grinev,V"]
[Result "1/2-1/2"]
[WhiteElo "2253"]
[BlackElo "2222"]

1.Nf3 Nf6 2.c4 c5 3.Nc3 e6 4.g3 b6 5.Bg2 Bb7 6.O-O Be7 7.d4 cxd4 8.Qxd4 d6
9.Rd1 a6 10.b3 Nbd7 11.Bb2 O-O 12.Ng5 Bxg2 13.Kxg2 Qc7 14.Nge4 Rfd8 15.Rac1 Qb7
16.f3 Ne8 17.g4 b5 18.Nd2 Bf6 19.Qe4 Qb8 20.Rc2 bxc4 21.bxc4 Qc7 22.Rdc1 Rab8
23.Nd1 Ne5 24.Bxe5 Bxe5 25.f4 Bf6 26.Qf3 Be7 27.Nf2 Nf6 28.g5 Nd7 29.Nd3 Rdc8
30.Nf1 Rb6 31.Ne3 Rcb8 32.h4 g6 33.h5 Rb1 34.h6 Rxc1 35.Rxc1 Qb7 36.Qxb7 Rxb7
37.Rc3 f6 38.gxf6 Nxf6 39.Rc1 Bf8 40.Rh1 Kf7 41.Kf3 Ng8 42.c5 dxc5 43.Ne5+ Ke8
44.N3g4 Rb2 45.a3 Rb3+ 46.e3 a5 47.Nxg6 Bxh6 48.N6e5 Bg7 49.Rxh7 Bxe5 50.Nxe5 Nf6
51.Rh8+ Ke7  1/2-1/2

[Event "6th EICC"]
[Site "Warsaw POL"]
[Date "2005.06.27"]
[Round "9"]
[White "Gritsak,O"]
[Black "Smirnov,P"]
[Result "1/2-1/2"]
[WhiteElo "2537"]
[BlackElo "2624"]

1.Nf3 c5 2.c4 Nf6 3.Nc3 d5 4.cxd5 Nxd5 5.d4 Nxc3 6.bxc3 g6 7.e4 Bg7 8.Be3 Qa5
9.Qd2 O-O 10.Rc1 Rd8 11.d5 e6 12.Be2 exd5 13.exd5 Bg4 14.O-O Nc6 15.Rfd1 Ne7
16.c4 Qxd2 17.Rxd2 Nf5 18.Bf4 Re8 19.h3 Bxf3 20.Bxf3 Nd4 21.Rb1 b6 22.Kf1 Be5
23.Be3 Nf5 24.Rd3 Nd6 25.Rc1 Re7 26.a4 Rae8 27.g4 f5 28.Rc2 f4 29.Bd2 g5
30.Rb3 Bd4 31.Rb1 Nf7 32.Re1 Rxe1+ 33.Bxe1 Ne5 34.Bd1 Nd3 35.Re2 Rxe2 36.Bxe2 Ne5
37.f3 Kf7 38.Bd2 Kf6 39.Ke1 Nf7 40.Kd1 Ke5 41.Kc2 Nd6 42.Be1 h6 43.h4 Nf7
44.hxg5 hxg5 45.Bd2 Kd6 46.Kd3 Ke5 47.Kc2 Nd6 48.Be1 Nf7  1/2-1/2